Narodowości piłkarzy ⚽⚽ - Statystyki

Ogólne statystyki
  • Ten quiz został rozwiązany 88 razy
  • Średni wynik to 15 z 15
Statystyki odpowiedzi
Hint Odpowiedź % Poprawnych
Mbappe Francja
100%
Karim benzema Francja
100%
Robert Lewandowski Polska
100%
Wojciech Szczęsny Polska
100%
Andrés Iniesta Hiszpania
99%
zlatan Ibrahimović Szwecja
99%
Neymar Brazylia
97%
Ronaldinho Brazylia
97%
Cristiano Ronaldo Portugalia
97%
Leo Messi Argentyna
96%
Diego Maradona Argentyna
96%
Luka modrić Chorwacja
96%
virgil van dijk Holandia
96%
Mohamed salah Egipt
95%
Erling haaland Norwegia
95%
Nie znaleziono quizów pasujących do podanych kryteriów
Rozkład punktacji
Procent ludzi z każdym wynikiem
Percentyl według liczby udzielonych odpowiedzi
Twoja historia wyników
Nie rozwiązałeś tego quizu